Score 0/20 Timer 02:00
2 Plays Today
Hint 4-Letter Word % Correct
It's the simple past tense of 'go'WENT
92.4%
Republic of Ireland's direction from BritainWEST
90.5%
Shortcoming, need, or desire❖WANT❖
89.5%
Oxidation resultRUST
89.4%
One bit of the wholePART
88.8%
Little opening, like in skinPORE
87.7%
Nautical docking locationPORT
87.4%
Hog variety or witch's featureWART
87.3%
Enjoy a cold one of this on St. Patrick's Day❖BEER❖
87.2%
No time to waste or in a hurryRUSH
86.4%
Hint 4-Letter Word % Correct
Eats a lot of salmon before hibernatingBEAR
85%
Name for a group of antelope or bisonHERD
84.1%
Tonight: whiskey. Tomorrow, this achesHEAD
84%
Yet another or something extra❖MORE❖
83.7%
Bit of sweatBEAD
82.1%
At this pointHERE
79.5%
Red, Roe, or White-Tailed, e.g.DEER
79.3%
Wee, insignificant or a pittanceMERE
75.1%
Insert a joke, or playful witty banterJEST
74.2%
Too, precisely or only❖JUST❖
74%

Today's Daily Dose

Quick Pick
Colorful Movies

Get the Picture
Dog Breeds II

Remove Ads.
Support Sporcle.
Get the best of Sporcle when you Go Orange. This ad-free experience offers more features, more stats, and more fun while also helping to support Sporcle. Thank you for becoming a member.

You're not logged in!

Compare scores with friends on all Sporcle quizzes.
OR
Log In

Show Comments

Extras

Top Quizzes Today


Score Distribution

Your Account Isn't Verified!

In order to create a playlist on Sporcle, you need to verify the email address you used during registration. Go to your Sporcle Settings to finish the process.

Report this User

Report this user for behavior that violates our Community Guidelines.

Details: